000 01022nam a22002417a 4500
005 20240530110630.0
008 161129s2014 ua k g|b 000 0 ara d
017 _a2013/19651
_bمصر . دار الكتب المصرية
020 _a97897741030154
040 _aEG-CaGPL
082 0 4 _221
_a361.06/
_bع ع
100 0 _aعبد الخالق محمد عفيفي
245 1 2 _aالعلاقات العامة فى الخدمة الاجتماعية :
_bفن التواصل وصناعة التميز /
_cعبد الخالق محمد عفيفي
250 _aط. 1
260 _aالمنصورة :
_bالمكتبة العصرية للنشر والتوزيع ،
_c2014.
300 _a410 ص. :
_bاشكال ؛
_c24 سم.
504 _aيشتمل على ارجاعات ببليوجرافية
650 0 7 _2qrmak
_aالعلاقات العامة
650 0 7 _2qrmak
_aالخدمة الاجتماعية
650 0 7 _2qrmak
_aالخدمات العامة
942 _2ddc
_cBK
999 _c63229
_d63229